000 00492nam a2200181Ia 4500
005 20250326124132.0
008 250326s9999 xx 000 0 und d
037 _aTextbook
040 _aFMSL
_beng
_cFMSL
041 _aeng
_2eng
084 _aX:51y7 L6
_qFMSL
100 _aBoyd H W
245 0 _aMarketing management casebook
_cBoyd H W; Davis R T
260 _aUSA
_bUSA, Richard D Irwin
_c1976
300 _a710p
942 _cTB
_hX:51y7 L6
999 _c1272433
_d1272433